Uso de un aditivo antideslave en una mezcla para un concreto sumergido
Bewaard in:
| Hoofdauteur: | |
|---|---|
| Formaat: | Boek |
| Gepubliceerd in: |
San José, C.R.
2001
|
| Onderwerpen: | |
| Tags: |
Voeg label toe
Geen labels, Wees de eerste die dit record labelt!
|
MARC
| LEADER | 00000nam a2200000Ia 4500 | ||
|---|---|---|---|
| 003 | 008817 | ||
| 005 | 20221231144159.0 | ||
| 008 | 140114s2001 cr a m 000 ||s d | ||
| 040 | |c cru CEDI | ||
| 090 | |a TFG 4376 | ||
| 100 | |a Hernández Quesada, Brucce Josse |9 7646 | ||
| 245 | |a Uso de un aditivo antideslave en una mezcla para un concreto sumergido | ||
| 260 | |c 2001 |a San José, C.R. | ||
| 300 | |a ii, 88 hojas : ilustraciones a color | ||
| 500 | |a Proyecto de graduación (licenciatura en ingeniería civil)--Universidad de Costa Rica. Facultad de Ingeniería. Escuela de Ingeniería Civil | ||
| 650 | |x HORMIGON |x AGREGADOS (MATERIALES DE CONSTRUCCION) |x MEZCLAS |x PRUEBAS |x RESISTENCIA DE MATERIALES |9 7647 | ||
| 942 | |c TFG | ||
| 999 | |c 18062 |d 18062 | ||
